Azja Wschodnia - Quiz na mapie - Statystyki

Ogólne statystyki
  • Ten quiz został rozwiązany 3 569 razy
  • Średni wynik to 12 z 17
Odpowiedzi na mapie
Odpowiedzi zakodowano w zielono-czerwonej skali na mapie do tego quizu, zgodnie z poniższymi procentami.
 
Statystyki odpowiedzi
Odpowiedź % Poprawnych
Chiny
95%
Japonia
90%
Korea Północna
90%
Mongolia
89%
Korea Południowa
88%
Filipiny
78%
Indonezja
78%
Tajwan
74%
Wietnam
68%
Tajlandia
67%
Timor Wschodni
66%
Malezja
65%
Laos
63%
Kambodża
60%
Singapur
59%
Mjanma
57%
Brunei
49%
Nie znaleziono quizów pasujących do podanych kryteriów
Rozkład punktacji
Procent ludzi z każdym wynikiem
Percentyl według liczby udzielonych odpowiedzi
Twoja historia wyników
Nie rozwiązałeś tego quizu